Analytic geometry: a vector approach
Wedi'i Gadw mewn:
| Prif Awdur: | |
|---|---|
| Fformat: | Llyfr |
| Iaith: | Saesneg |
| Cyhoeddwyd: |
Reading
Addison-Wesley
1961
|
| Cyfres: | Addison-Wesley Series in Introductory Mathematics
|
| Pynciau: | |
| Tagiau: |
Ychwanegu Tag
Dim Tagiau, Byddwch y cyntaf i dagio'r cofnod hwn!
|
MARC
| LEADER | 00000nam a2200000 a 4500 | ||
|---|---|---|---|
| 001 | UCW1703 | ||
| 003 | CL-VaPUC | ||
| 008 | 921218e19610000US |||||||||||||||||eng|d | ||
| 082 | 0 | 4 | |a 516.3 |b WEX |2 21 |
| 100 | 0 | |a Wexler, Charles |e author |9 305756 | |
| 245 | 1 | 0 | |a Analytic geometry: a vector approach |
| 300 | |a 291 p | ||
| 942 | |c BK | ||
| 945 | |d 19921218 00:00:00 | ||
| 260 | |a Reading |b Addison-Wesley |c 1961 | ||
| 650 | 0 | |a Geometría analítica |9 260062 | |
| 650 | 0 | |a Análisis vectorial |9 260451 | |
| 583 | |a last modification |c 19921218 00:00:00 |k Rodrigo Vera | ||
| 490 | 0 | |a Addison-Wesley Series in Introductory Mathematics | |
| 999 | |c 216548 |d 216546 | ||
| 952 | |0 0 |1 0 |4 0 |6 516_300000000000000_WEX_1961 |7 0 |8 A |9 202348 |a BIBMAT |b BIBMAT |d 2019-11-14 |i 2694581 |o 516.3 WEX 1961 |p 2694581 |r 2025-01-07 |w 2019-11-14 |y BK |k MAT | ||
| 952 | |0 0 |1 0 |4 0 |6 516_300000000000000_WEX_1961 |7 0 |8 A |9 202349 |a BIBING |b BIBING |d 2019-11-14 |i 1647636 |l 1 |o 516.3 WEX 1961 |p 1647636 |r 2025-01-20 |s 2024-04-30 |w 2019-11-14 |y BK |k EIQ | ||